Blonde Anti-Jokes Quiz Stats

 Plays Quiz not verified by Sporcle

Score 0/10 Timer 03:00
0 Plays Today
% Correct
Hold her head under water longer than she can hold her breath.
100%
Talk to her in a made-up language that only you understand.
97.1%
Attempts a forced unexpected reboot. If it still doesn’t work, she considers her options for repair or replacement.
96.5%
'Stop that, you creep.'
96.5%
Her attendance record was spotty, she lacked the necessary qualifications, and refused to comply to company protocols surrounding hand-washing.
95.9%
Take cover, assess the remaining danger, and call for help from local law enforcement.
95.3%
She and her partner decided that they wanted to start trying to have children.
94.1%
To succeed in their efforts while remaining adequately challenged and satisfied with their past achievements.
93.5%
Took greater care to ensure safe and comfortable surroundings for her and her family.
91.8%
She and her family suffer a long and tragic decline in her health.
88.2%

You're not logged in!

Compare scores with friends on all Sporcle quizzes.
OR
Log In

Sporcle TV

Today on Sporcle TV


Watch our educational content, quiz creation guides, and fun videos on Sporcle TV.

Show Comments

Extras

Created Sep 16, 2017ReportNominate
Tags:blonde, jokes

Top Quizzes Today


Score Distribution

Your Account Isn't Verified!

In order to create a playlist on Sporcle, you need to verify the email address you used during registration. Go to your Sporcle Settings to finish the process.

Report this User

Report this user for behavior that violates our Community Guidelines.

Details: